| 000 | nam a22 4500 | ||
|---|---|---|---|
| 999 |
_c9200 _d9200 |
||
| 008 | 180417b ||||| |||| 00| 0 eng d | ||
| 020 | _a978-93-5111-847-3 | ||
| 082 |
_22016 _aDC 640 _bR164 |
||
| 100 |
_927460 _aRani, Sangeeta |
||
| 245 |
_aWings of home science/ _cSangeeta Rani |
||
| 260 |
_aNew Delhi: _bRandom Publications, _c2016. |
||
| 300 |
_avi, 299 pages; _c23 cm. |
||
| 500 | _aIncludes index. | ||
| 650 | 0 |
_927463 _aHome economics |
|
| 365 |
_b4,650.00 _cPhp |
||
| 942 |
_2ddc _cDC |
||